Impingement of marine organisms at cooling water intake screens in the Kapar Power Station, Selangor /
Saved in:
| 主要作者: | |
|---|---|
| 格式: | Thesis 圖書 |
| 語言: | English |
| 出版: |
2005.
|
| 主題: | |
| 標簽: |
添加標簽
沒有標簽, 成為第一個標記此記錄!
|
| LEADER | 00866cam a2200217 a 4500 | ||
|---|---|---|---|
| 001 | u725699 | ||
| 003 | SIRSI | ||
| 005 | 200608080923 | ||
| 008 | 060808s2005 my t 000 0 eng m | ||
| 040 | |a UMM | ||
| 090 | |a GE7 |b UM 2005 Azia | ||
| 100 | 0 | 0 | |a Azila Azhar |
| 245 | 1 | 0 | |a Impingement of marine organisms at cooling water intake screens in the Kapar Power Station, Selangor / |c Azila binti Azhar. |
| 260 | |c 2005. | ||
| 300 | |a xix, 176, A-48 leaves : |b ill. ; |c 30 cm. | ||
| 502 | |a Dissertation (M.Tech. (Envir. Mgmt.)) -- Institut Sains Biologi, Fakulti Sains, Universiti Malaya, 2005. | ||
| 504 | |a Bibliography: leaves 168-176. | ||
| 650 | 0 | |a Marine organisms |z Selangor | |
| 710 | 2 | 0 | |a Universiti Malaya. |b Institut Sains Biologi. |
| 596 | |a 1 | ||
| 999 | |a GE7 UM 2005 AZIA |w LC |c 1 |i A511905012 |d 22/2/2013 |e 22/2/2013 |f 24/8/2006 |g 1 |l STACKS |m P01UTAMA |n 2 |r Y |s Y |t TESIS |u 23/8/2006 | ||
